<?xml version="1.0" encoding="UTF-8"?>
<marc:record xmlns:marc="http://www.loc.gov/MARC21/slim">
   <marc:leader>00000nam a2200000 a 4500</marc:leader>
   <marc:datafield ind1="1" ind2=" " tag="100">
      <marc:subfield code="a">Pohl, Walter</marc:subfield>
      <marc:subfield code="4">aut</marc:subfield>
      <marc:subfield code="e">Verfasser/-in</marc:subfield>
   </marc:datafield>
   <marc:datafield ind1="0" ind2="0" tag="245">
      <marc:subfield code="a">Alfons Haider. geliebt. verteufelt</marc:subfield>
   </marc:datafield>
   <marc:datafield ind1="0" ind2="0" tag="245">
      <marc:subfield code="b">Die Autobiografie</marc:subfield>
   </marc:datafield>
   <marc:datafield ind1="0" ind2="0" tag="245">
      <marc:subfield code="c">Walter Pohl</marc:subfield>
   </marc:datafield>
   <marc:datafield ind1=" " ind2="1" tag="264">
      <marc:subfield code="a">Wien</marc:subfield>
      <marc:subfield code="b">Ueberreuter</marc:subfield>
      <marc:subfield code="c">2007</marc:subfield>
   </marc:datafield>
   <marc:datafield ind1=" " ind2=" " tag="250">
      <marc:subfield code="a">M.Abb.</marc:subfield>
   </marc:datafield>
   <marc:datafield ind1="1" ind2=" " tag="520">
      <marc:subfield code="a">Alfons Haider zählt seit Jahrzehnten zu den beliebtesten Künstlern und Entertainern Österreichs. Besonders beeindruckend ist seine Vielseitigkeit: Kein anderer schafft es, ein so breites Spektrum mit so viel Können abzudecken. In seiner Autobiografie erzählt Alfons Haider von seiner Kindheit und Jugend, von den Höhen und Tiefen seiner Karriere und seines Privatlebens. Er berichtet über die vielen Stars, die er bei der Opernball-Übertragung vor dem Mikrofon hatte. Und er schildert auch noch nie Gehörtes ..</marc:subfield>
   </marc:datafield>
   <marc:datafield ind1=" " ind2=" " tag="020">
      <marc:subfield code="a">9783800072880</marc:subfield>
      <marc:subfield code="9">9783800072880</marc:subfield>
   </marc:datafield>
   <marc:datafield ind1=" " ind2=" " tag="020">
      <marc:subfield code="a">3800072882</marc:subfield>
      <marc:subfield code="9">3800072882</marc:subfield>
   </marc:datafield>
   <marc:datafield ind1=" " ind2=" " tag="300">
      <marc:subfield code="a">239 S.</marc:subfield>
   </marc:datafield>
</marc:record>
